<?xml version="1.0" encoding="UTF-8"?>
<record
    xmlns:xsi="http://www.w3.org/2001/XMLSchema-instance"
    xsi:schemaLocation="http://www.loc.gov/MARC21/slim http://www.loc.gov/standards/marcxml/schema/MARC21slim.xsd"
    xmlns="http://www.loc.gov/MARC21/slim">

  <leader>01684nam a22002177a 4500</leader>
  <controlfield tag="008">250221b        mx ||||| |||| 00| 0 spa d</controlfield>
  <datafield tag="020" ind1=" " ind2=" ">
    <subfield code="a">9786078836062</subfield>
  </datafield>
  <datafield tag="050" ind1=" " ind2=" ">
    <subfield code="a">HQ1237.5.M6</subfield>
    <subfield code="b">I38 2022</subfield>
  </datafield>
  <datafield tag="100" ind1=" " ind2=" ">
    <subfield code="a">Guadarrama S&#xE1;nchez , Gloria Jovita</subfield>
  </datafield>
  <datafield tag="245" ind1=" " ind2=" ">
    <subfield code="a">Igualdad de g&#xE9;nero y la agenda 2030</subfield>
    <subfield code="b"> : una mirada a la territoralizaci&#xF3;n en el Estado de M&#xE9;xico</subfield>
    <subfield code="c"> / Guadarrama S&#xE1;nchez, Gloria Jovita ; Flores P&#xE9;rez, Eriko</subfield>
  </datafield>
  <datafield tag="250" ind1=" " ind2=" ">
    <subfield code="a">1a. edici&#xF3;n</subfield>
  </datafield>
  <datafield tag="260" ind1=" " ind2=" ">
    <subfield code="a">M&#xE9;xico</subfield>
    <subfield code="b"> : El Colegio Mexiquense</subfield>
    <subfield code="c"> , 2022</subfield>
  </datafield>
  <datafield tag="300" ind1=" " ind2=" ">
    <subfield code="a">237 p&#xE1;ginas</subfield>
  </datafield>
  <datafield tag="519" ind1=" " ind2=" ">
    <subfield code="a">Material Complementario</subfield>
    <subfield code="d"> ( 20 002922)</subfield>
  </datafield>
  <datafield tag="520" ind1=" " ind2=" ">
    <subfield code="a">1. Igualdad de G&#xE9;nero en M&#xE9;xico
 / Mujeres contra la discriminaci&#xF3;n: sus luchas a trav&#xE9;s de la historia
 / La igualdad de g&#xE9;nero y la salud en la Agenda 2030. Una aproximaci&#xF3;n a la situaci&#xF3;n de las mujeres con enfermedad renal cr&#xF3;nica
 / La igualdad de g&#xE9;nero y la educaci&#xF3;n de calidad para el desarrollo sostenible de M&#xE9;xico
 / Acoso sexual a las trabajadoras del sector turismo en M&#xE9;xico
2. Igualdad de g&#xE9;nero en el Estado de M&#xE9;xico
 / Avances y retos de la igualdad de g&#xE9;nero en el Estado de M&#xE9;xico
 / Retos y posibilidades de la agenda 2030. El g&#xE9;nero en los espacios locales
 / Igualdad de g&#xE9;nero en el &#xE1;mbito pol&#xED;tico del Estado de M&#xE9;xico
 / Acceso a la tierra e igualdad de g&#xE9;nero en el medio rural mexiquense: claves para la seguridad alimentaria basada en el resguardo del ma&#xED;z nativo
 / Reflexiones finales
/ Acerca de las y los autores</subfield>
  </datafield>
  <datafield tag="650" ind1=" " ind2="0">
    <subfield code="a">IGUALDAD</subfield>
    <subfield code="z">AM&#xC9;RICA LATINA</subfield>
  </datafield>
  <datafield tag="650" ind1=" " ind2="0">
    <subfield code="a">IGUALDAD</subfield>
    <subfield code="z">M&#xC9;XICO</subfield>
  </datafield>
  <datafield tag="650" ind1=" " ind2="0">
    <subfield code="a">DISCRIMINACI&#xD3;N SEXUAL CONTRA LAS MUJERES</subfield>
    <subfield code="z">M&#xC9;XICO </subfield>
  </datafield>
  <datafield tag="700" ind1=" " ind2=" ">
    <subfield code="a">Flores P&#xE9;rez , Eriko</subfield>
  </datafield>
  <datafield tag="942" ind1=" " ind2=" ">
    <subfield code="2">lcc</subfield>
    <subfield code="c">LBS</subfield>
  </datafield>
  <datafield tag="952" ind1=" " ind2=" ">
    <subfield code="0">0</subfield>
    <subfield code="1">0</subfield>
    <subfield code="2">lcc</subfield>
    <subfield code="4">0</subfield>
    <subfield code="7">0</subfield>
    <subfield code="a">20</subfield>
    <subfield code="b">20</subfield>
    <subfield code="d">2025-02-21</subfield>
    <subfield code="l">0</subfield>
    <subfield code="o">HQ1237.5.M6 I38 2022</subfield>
    <subfield code="p">20 002922</subfield>
    <subfield code="r">2025-02-21</subfield>
    <subfield code="t">1</subfield>
    <subfield code="w">2025-02-21</subfield>
    <subfield code="y">LB</subfield>
    <subfield code="f"></subfield>
  </datafield>
  <datafield tag="999" ind1=" " ind2=" ">
    <subfield code="c">228735</subfield>
    <subfield code="d">228735</subfield>
  </datafield>
</record>
